1480 1582 1130 1166 1051 1301 1921 1799 1562 1897 1375 1414 1086 1210 1912 1798 1560 1375 1969 1526 1324 1330 1789 1614 1652 1744 1748 1282 1589 1263 1259 1892 1441 1509 1808 1429 1862 1377 1890 1001 1502 1568 1903 1083 1343 1992 1408 1421 1149 1258 1967 1089 1447 1479 1458 1879 1225 1209 1296 1619 1640 1241 1494 1897 1594 1600 1841 1388 1155 1625 1347 1573 1951 1700 1076 1886 1930 1764 1790 1066 1814 1943 1356 1943 1197 1124 1071 1116 1480 1268 1135 1272 1281 1489 1695 1454 1223 1162 1728 BCNSPRNW ULIB Ver.6.0+V

เปลี่ยนเป็นภาษาไทย

Change to English
 แสดงรายละเอียดบรรณานุกรม
  กลับหน้าหลัก

Brief Record : Get Marc (ISO 2709) : E-mail record : QR code < ปิดหน้าต่าง
LEADER : 00000nam 2200000uu 4500
001    13399127405
003     ULIB
008    200519s2017||||th 000 0 tha d
020    ^a9781506259864 (pbk.)
050  4 ^aPE1128^bL887Bw
100 1  ^aLougheed, Lin,^d1946-
245 10 ^aBarron s writing for the TOEFL iBT /^cLin Lougheed
246 30 ^aWriting for the TOEFL iBT
250    ^a6th ed.
260    ^aHauppauge, N.Y. :^bBarron s Educational Series,^c2017
300    ^av, 309 p. :^bill. ;^c28 cm. +^e1 computer optical disc
505 0  ^aIntroduction -- Self-test -- Writing skills: integretedtask -- Writing skills: independent task -- Writing skills-both tasks -- Model tests
650  0 ^aTest of English as a Foreign Language^vStudy guides
650  0 ^aEnglish language^vTextbooks for foreign speakers
650  0 ^aEnglish language^xExaminations^vStudy guides
650  0 ^aEnglish language^xWriting^xProblems, exercises, etc.
653    ^aTOEFL
945    ^p386^l0^i007078
999    ^aประนอม เกษจรัล
รายการนี้ยังไม่มีแท็ก
คุณยังไม่ได้ล็อกอิน คุณสามารถมีกิจกรรมร่วมกับเว็บไซต์ได้ แต่ต้องล็อกอินก่อน ::
  ล็อกอิน

รายการสื่อสารสนเทศ

ลำดับที่ ประเภท เลขเรียก/บาร์โค้ด สถานที่ สถานะ
1. การศึกษาทั่วไป
หนังสือสำรอง
สถานะ=หนังสือสำรอง
PE1128 L887Bw ฉ.1 
  Barcode: 007078
ห้องสมุดวิทยาเขตสวรรค์ประชารักษ์
►หนังสือทั่วไป
บนชั้น

BibComment


ยังไม่เคยถูกคอมเมนท์

คอมเมนท์ทรัพยากรรายการนี้
  คอมเมนท์: Barron s writing..


 Copyright 2026. Bcnsprnw @Library